| 000 | 00884nam a2200253Ia 4500 | ||
|---|---|---|---|
| 999 |
_c27800 _d27800 |
||
| 003 | GCL | ||
| 005 | 20240530101811.0 | ||
| 008 | 140319s1994 jo 000 0 ara d | ||
| 040 |
_aGCL / _cGCL |
||
| 082 | 0 | 4 |
_a923.2/ _bأ م |
| 100 | 0 | _aاكرم زعيتر | |
| 245 | 1 | 0 |
_aبواكير النضال : _b من مذكرات اكرم زعيتر 1935-1909 / _cاكرم زعيتر |
| 260 |
_aالاردن : _bالمؤسسة العربية للدراسات والنشر ، _c1994 |
||
| 300 | _a886 ص | ||
| 650 | 0 | 4 | _aالعصر الحديث |
| 650 | 0 | 4 | _aالنزاع العربى الاسرائيلى |
| 650 | 0 | 4 | _aفلسطين |
| 650 | 0 | 4 | _aالعراق |
| 650 | 0 | 4 | _aالمقاومة الشعبية |
| 650 | 0 | 4 | _aالاحتلال الصهيونى |
| 650 | 0 | 4 | _aالفدائيون الفلسطينيون |
| 650 | 0 | 4 | _aالاحتلال البريطانى |
| 942 |
_2ddc _cBK |
||